<?xml version="1.0" encoding="UTF-8"?>
<record
    xmlns:xsi="http://www.w3.org/2001/XMLSchema-instance"
    xsi:schemaLocation="http://www.loc.gov/MARC21/slim http://www.loc.gov/standards/marcxml/schema/MARC21slim.xsd"
    xmlns="http://www.loc.gov/MARC21/slim">

  <leader>00542nam a22001817a 4500</leader>
  <controlfield tag="005">20251204165834.0</controlfield>
  <controlfield tag="008">250909b        |||||||| |||| 00| 0 eng d</controlfield>
  <datafield tag="020" ind1=" " ind2=" ">
    <subfield code="a">978-93-95161-21-3</subfield>
  </datafield>
  <datafield tag="041" ind1=" " ind2=" ">
    <subfield code="a">eng</subfield>
  </datafield>
  <datafield tag="082" ind1=" " ind2=" ">
    <subfield code="a">570.72 ANE-E</subfield>
  </datafield>
  <datafield tag="100" ind1=" " ind2=" ">
    <subfield code="a">ANEJA, K.R.</subfield>
    <subfield code="9">8671</subfield>
  </datafield>
  <datafield tag="245" ind1=" " ind2=" ">
    <subfield code="a">EXPERIMENTS IN MICROBIOLOGY PLANT PATHOLOGY TISSUE CULTURE AND MICROBIAL BIOTECHNOLOGY [6TH ED.]</subfield>
  </datafield>
  <datafield tag="250" ind1=" " ind2=" ">
    <subfield code="a">6TH ED. 2023.</subfield>
  </datafield>
  <datafield tag="260" ind1=" " ind2=" ">
    <subfield code="a">NEW DELHI</subfield>
    <subfield code="b">NEW AGE INTERNATION PUBLISHERS </subfield>
    <subfield code="c">2023</subfield>
  </datafield>
  <datafield tag="300" ind1=" " ind2=" ">
    <subfield code="a">586;P</subfield>
  </datafield>
  <datafield tag="650" ind1=" " ind2=" ">
    <subfield code="a">PARAMEDICAL</subfield>
    <subfield code="x">BMIRT</subfield>
    <subfield code="9">8845</subfield>
  </datafield>
  <datafield tag="942" ind1=" " ind2=" ">
    <subfield code="c">BK</subfield>
  </datafield>
  <datafield tag="999" ind1=" " ind2=" ">
    <subfield code="c">8800</subfield>
    <subfield code="d">8798</subfield>
  </datafield>
  <datafield tag="952" ind1=" " ind2=" ">
    <subfield code="0">0</subfield>
    <subfield code="1">0</subfield>
    <subfield code="4">0</subfield>
    <subfield code="7">0</subfield>
    <subfield code="8">PARAMEDICAL</subfield>
    <subfield code="a">JRU</subfield>
    <subfield code="b">JRU</subfield>
    <subfield code="c">Shelf - 22- F</subfield>
    <subfield code="d">2025-09-09</subfield>
    <subfield code="e">PURCHASE</subfield>
    <subfield code="g">599.00</subfield>
    <subfield code="l">0</subfield>
    <subfield code="o">570.72</subfield>
    <subfield code="p">28777</subfield>
    <subfield code="r">2025-09-09 15:09:52</subfield>
    <subfield code="w">2025-09-09</subfield>
    <subfield code="y">BK</subfield>
  </datafield>
  <datafield tag="952" ind1=" " ind2=" ">
    <subfield code="0">0</subfield>
    <subfield code="1">0</subfield>
    <subfield code="4">0</subfield>
    <subfield code="7">0</subfield>
    <subfield code="8">PARAMEDICAL</subfield>
    <subfield code="a">JRU</subfield>
    <subfield code="b">JRU</subfield>
    <subfield code="c">SHELF-28-A</subfield>
    <subfield code="d">2025-09-09</subfield>
    <subfield code="e">PURCHASE</subfield>
    <subfield code="g">599.00</subfield>
    <subfield code="l">1</subfield>
    <subfield code="o">570.72</subfield>
    <subfield code="p">28778</subfield>
    <subfield code="q">2026-05-22</subfield>
    <subfield code="r">2026-02-21 09:11:11</subfield>
    <subfield code="s">2026-02-21</subfield>
    <subfield code="w">2025-09-09</subfield>
    <subfield code="y">BK</subfield>
  </datafield>
  <datafield tag="952" ind1=" " ind2=" ">
    <subfield code="0">0</subfield>
    <subfield code="1">0</subfield>
    <subfield code="4">0</subfield>
    <subfield code="7">0</subfield>
    <subfield code="8">PARAMEDICAL</subfield>
    <subfield code="a">JRU</subfield>
    <subfield code="b">JRU</subfield>
    <subfield code="c">SHELF-104-F</subfield>
    <subfield code="d">2025-09-09</subfield>
    <subfield code="e">PURCHASE</subfield>
    <subfield code="g">599.00</subfield>
    <subfield code="l">0</subfield>
    <subfield code="o">570.72</subfield>
    <subfield code="p">28779</subfield>
    <subfield code="r">2025-09-09 15:09:52</subfield>
    <subfield code="w">2025-09-09</subfield>
    <subfield code="y">BK</subfield>
  </datafield>
  <datafield tag="952" ind1=" " ind2=" ">
    <subfield code="0">0</subfield>
    <subfield code="1">0</subfield>
    <subfield code="4">0</subfield>
    <subfield code="7">0</subfield>
    <subfield code="8">PARAMEDICAL</subfield>
    <subfield code="a">JRU</subfield>
    <subfield code="b">JRU</subfield>
    <subfield code="c">SHELF-28-A</subfield>
    <subfield code="d">2025-09-09</subfield>
    <subfield code="e">PURCHASE</subfield>
    <subfield code="g">599.00</subfield>
    <subfield code="l">4</subfield>
    <subfield code="o">570.72</subfield>
    <subfield code="p">28780</subfield>
    <subfield code="r">2026-02-21 09:09:27</subfield>
    <subfield code="s">2025-12-24</subfield>
    <subfield code="w">2025-09-09</subfield>
    <subfield code="y">BK</subfield>
  </datafield>
  <datafield tag="952" ind1=" " ind2=" ">
    <subfield code="0">0</subfield>
    <subfield code="1">0</subfield>
    <subfield code="4">0</subfield>
    <subfield code="7">0</subfield>
    <subfield code="8">PARAMEDICAL</subfield>
    <subfield code="a">JRU</subfield>
    <subfield code="b">JRU</subfield>
    <subfield code="c">SHELF-28-A</subfield>
    <subfield code="d">2025-09-09</subfield>
    <subfield code="e">PURCHASE</subfield>
    <subfield code="g">599.00</subfield>
    <subfield code="l">3</subfield>
    <subfield code="m">1</subfield>
    <subfield code="o">570.72</subfield>
    <subfield code="p">28781</subfield>
    <subfield code="r">2026-04-15 11:57:45</subfield>
    <subfield code="s">2026-04-06</subfield>
    <subfield code="w">2025-09-09</subfield>
    <subfield code="y">BK</subfield>
  </datafield>
  <datafield tag="952" ind1=" " ind2=" ">
    <subfield code="0">0</subfield>
    <subfield code="1">0</subfield>
    <subfield code="4">0</subfield>
    <subfield code="7">0</subfield>
    <subfield code="8">PARAMEDICAL</subfield>
    <subfield code="a">JRU</subfield>
    <subfield code="b">JRU</subfield>
    <subfield code="c">SHELF-104-F</subfield>
    <subfield code="d">2025-12-01</subfield>
    <subfield code="e">PURCHASE</subfield>
    <subfield code="g">599.00</subfield>
    <subfield code="h">LBI-000811/28-11-2025</subfield>
    <subfield code="l">0</subfield>
    <subfield code="o">570.72 ANE-E</subfield>
    <subfield code="p">29242</subfield>
    <subfield code="r">2025-12-03 09:46:42</subfield>
    <subfield code="w">2025-12-03</subfield>
    <subfield code="y">BK</subfield>
  </datafield>
  <datafield tag="952" ind1=" " ind2=" ">
    <subfield code="0">0</subfield>
    <subfield code="1">0</subfield>
    <subfield code="4">0</subfield>
    <subfield code="7">0</subfield>
    <subfield code="8">PARAMEDICAL</subfield>
    <subfield code="a">JRU</subfield>
    <subfield code="b">JRU</subfield>
    <subfield code="c">SHELF-104-F</subfield>
    <subfield code="d">2025-12-01</subfield>
    <subfield code="e">PURCHASE</subfield>
    <subfield code="g">599.00</subfield>
    <subfield code="h">LBI-000811/28-11-2025</subfield>
    <subfield code="l">0</subfield>
    <subfield code="o">570.72 ANE-E</subfield>
    <subfield code="p">29243</subfield>
    <subfield code="r">2025-12-03 09:46:42</subfield>
    <subfield code="w">2025-12-03</subfield>
    <subfield code="y">BK</subfield>
  </datafield>
  <datafield tag="952" ind1=" " ind2=" ">
    <subfield code="0">0</subfield>
    <subfield code="1">0</subfield>
    <subfield code="4">0</subfield>
    <subfield code="7">0</subfield>
    <subfield code="8">PARAMEDICAL</subfield>
    <subfield code="a">JRU</subfield>
    <subfield code="b">JRU</subfield>
    <subfield code="c">SHELF-104-F</subfield>
    <subfield code="d">2025-12-01</subfield>
    <subfield code="e">PURCHASE</subfield>
    <subfield code="g">599.00</subfield>
    <subfield code="h">LBI-000811/28-11-2025</subfield>
    <subfield code="l">0</subfield>
    <subfield code="o">570.72 ANE-E</subfield>
    <subfield code="p">29244</subfield>
    <subfield code="r">2025-12-03 09:46:42</subfield>
    <subfield code="w">2025-12-03</subfield>
    <subfield code="y">BK</subfield>
  </datafield>
  <datafield tag="952" ind1=" " ind2=" ">
    <subfield code="0">0</subfield>
    <subfield code="1">0</subfield>
    <subfield code="4">0</subfield>
    <subfield code="7">0</subfield>
    <subfield code="8">PARAMEDICAL</subfield>
    <subfield code="a">JRU</subfield>
    <subfield code="b">JRU</subfield>
    <subfield code="c">SHELF-104-F</subfield>
    <subfield code="d">2025-12-01</subfield>
    <subfield code="e">PURCHASE</subfield>
    <subfield code="g">599.00</subfield>
    <subfield code="h">LBI-000811/28-11-2025</subfield>
    <subfield code="l">0</subfield>
    <subfield code="o">570.72 ANE-E</subfield>
    <subfield code="p">29245</subfield>
    <subfield code="r">2025-12-03 09:46:42</subfield>
    <subfield code="w">2025-12-03</subfield>
    <subfield code="y">BK</subfield>
  </datafield>
  <datafield tag="952" ind1=" " ind2=" ">
    <subfield code="0">0</subfield>
    <subfield code="1">0</subfield>
    <subfield code="4">0</subfield>
    <subfield code="7">0</subfield>
    <subfield code="8">PARAMEDICAL</subfield>
    <subfield code="a">JRU</subfield>
    <subfield code="b">JRU</subfield>
    <subfield code="c">SHELF-104-F</subfield>
    <subfield code="d">2025-12-01</subfield>
    <subfield code="e">PURCHASE</subfield>
    <subfield code="g">599.00</subfield>
    <subfield code="h">LBI-000811/28-11-2025</subfield>
    <subfield code="l">0</subfield>
    <subfield code="o">570.72 ANE-E</subfield>
    <subfield code="p">29246</subfield>
    <subfield code="r">2025-12-03 09:46:42</subfield>
    <subfield code="w">2025-12-03</subfield>
    <subfield code="y">BK</subfield>
  </datafield>
</record>
